000 00501nam a2200181Ia 4500
001 14045
005 20260306164845.0
008 260306t1997||||xx |||||||||||||| ||spa||
041 _aESP
082 _aS 006.3
_bJ21
100 _aJang, Jyh-Shing Roger
_eAUT
245 0 _aNeuro-Fuzzy and soft computing:
_ba computational approach to learning and machine intelligence
260 _c1997
300 _axxvi, 614 páginas :
_c24 cm.
650 _aGEN
654 _aCCC
942 _cLIB
_dJUS
_fJUS
_2ddc
_n
999 _c14045
_d14045